000
00265nam a2200097Ia 4500
005
20250424112856.0
008
250424s9999 xx 000 0 und d
300
_a
viii, 52 p. :ill. ; 29 cm.
650
_a
Microbiological Phenomena Biotechnology--trends
942
_c
SR
999
_c
37648
_d
37648